000 00473cam a22001337a 4500
008 180718b1971 xxu||||| |||| 00| 0 eng d
082 _aQ23x42 Un3
245 _aFieldwork training for social work : advisory council on child care
_cby Deprtment Of Health And Social Security
260 _aLondon
_bHer Majesty's
_c1971
300 _aix,215p
650 _aSocial work education
650 _aSocial service --Fieldwork
700 _aU.K.Deprtment Of Health And Social Serurity
999 _c414984
_d414984